000108937 001__ 108937 000108937 005__ 20211216104759.0 000108937 037__ $$aTAZ-TFG-2021-1743 000108937 041__ $$aspa 000108937 1001_ $$aGutiérrez Martínez, Marta 000108937 24200 $$aBibliographic review on Basic Social Services and Covid-19 in Spain. 000108937 24500 $$aRevisión bibliográfica sobre los Servicios Sociales de base y el Covid-19 en España. 000108937 260__ $$aZaragoza$$bUniversidad de Zaragoza$$c2021 000108937 506__ $$aby-nc-sa$$bCreative Commons$$c3.0$$uhttp://creativecommons.org/licenses/by-nc-sa/3.0/ 000108937 520__ $$aEl presente estudio corresponde a la elaboración del Trabajo de Fin de Grado (TFG) de Trabajo Social, con el objetivo de analizar como ha afectado el Covid-19 al Sistema de servicios Sociales de Base mediante una revisión sistemática de la literatura existente a través de cinco bases de datos.<br /><br /> 000108937 521__ $$aGraduado en Trabajo Social 000108937 540__ $$aDerechos regulados por licencia Creative Commons 000108937 700__ $$aNavarrete Lorenzo, María Montserrat$$edir. 000108937 7102_ $$aUniversidad de Zaragoza$$bPsicología y Sociología$$cSociología 000108937 8560_ $$f666553@unizar.es 000108937 8564_ $$s456278$$uhttps://zaguan.unizar.es/record/108937/files/TAZ-TFG-2021-1743.pdf$$yMemoria (spa) 000108937 909CO $$ooai:zaguan.unizar.es:108937$$pdriver$$ptrabajos-fin-grado 000108937 950__ $$a 000108937 951__ $$adeposita:2021-12-16 000108937 980__ $$aTAZ$$bTFG$$cSOCIZ 000108937 999__ $$a20210619162359.CREATION_DATE